000 01155cam a22003497a 4500
003 CHAP
005 20250925133011.0
008 971013s1994 r 00010 d
010 _a72862
011 _a73834
035 _a83392
040 _cCHAP
090 _aTesis
100 1 0 _aDomínguez Zetina, Cipriano
_933919
245 1 3 _aLa agroindustria de la carne equina en México
260 _aChapingo, Méx. :
_bEl autor,
_c1994
300 _a169 h.
_b: ilus.
502 _aTesis (Ing. Agroindustrial) -- UACH. Departamento de Ingeniería Agroindustrial
590 _aALEPH
_b10
_c20130110
_lUCH01
_h1414
590 _aBATCH-UPD
_b10
_c20130110
_lUCH01
_h0338
590 _aBATCH-UPD
_b10
_c20130110
_lUCH01
_h2058
590 _aBATCH-UPD
_b10
_c20130410
_lUCH01
_h0012
590 _aBATCH-UPD
_b10
_c20130410
_lUCH01
_h1614
590 _aBATCH-UPD
_b10
_c20130914
_lUCH01
_h0848
590 _aCONVERSION
_b10
_c20130109
_lUCH01
_h1340
650 1 4 _aCarne de caballo.
_919126
650 1 4 _aGanado caballar
_xMéxico.
_944978
650 1 4 _aIndustrias agrícolas.
_957925
901 _aBK
942 _cTESIS
949 _bBC
_cTES
_d-37937
_eTS1
_h30084
_i83392
_si
999 _c72862
_d72862